Rappers by picture - Statistics

General Stats
  • This quiz has been taken 204 times
  • The average score is 7 of 10
Answer Stats
Picture Answer % Correct
Drake
99%
Eminem
99%
50 Cent
97%
Jay Z
92%
Kanye West
92%
Lil Wayne
83%
Ludacris
59%
Wiz Khalifa
57%
Tyga
37%
Busta Rhymes
25%
No matching quizzes found
Score Distribution
Percent of People with Each Score
Percentile by Number Answered
Your Score History
You have not taken this quiz